10 villes les plus peuplée par département de Bretagne - Statistiques

Statistiques générales
  • Ce quiz a été pris 319 fois
  • Le résultat moyen est 22 sur 40
Statistiques - réponses
Population Arrondissement Réponse % Correct
216 815 Rennes Rennes
95%
44 372 Saint-Brieuc Saint-Brieuc
95%
57 149 Lorient Lorient
93%
46 097 Saint-Malo Saint-Malo
93%
53 325 Vannes Vannes
93%
140 624 Brest Brest
92%
14 166 Dinan Dinan
92%
19 880 Lannion Lannion
92%
62 685 Quimper Quimper
92%
20 418 Fougères Fougères
90%
14 606 Pontivy Pontivy
89%
14 559 Morlaix Morlaix
88%
19 050 Quimper Concarneau
69%
18 037 Fougères Vitré
66%
17 526 Rennes Cesson-Sévigné
57%
22 781 Lorient Lanester
57%
12 057 Quimper Quimperlé
57%
13 627 Lorient Auray
54%
15 781 Brest Landerneau
54%
13 902 Quimper Douarnenez
49%
18 266 Rennes Bruz
48%
15 678 Lorient Hennebont
45%
16 785 Saint-Brieuc Lamballe-Armor
44%
14 483 Brest Guipavas
42%
9 982 Pontivy Plöermel
38%
13 337 Brest Plougastel-Daoulas
38%
14 053 Saint-Brieuc Plérin
37%
17 853 Lorient Ploemeur
36%
9 571 Saint-Brieuc Loudéac
34%
13 022 Rennes Saint-Jacques-de-la-Lande
34%
11 739 Rennes Pacé
33%
10 435 Rennes Chantepie
29%
7 712 Guingamp Paimpol
28%
11 701 Rennes Betton
26%
11 546 Saint-Brieuc Ploufragan
26%
7 692 Saint-Brieuc Langueux
25%
8 432 Saint-Brieuc Trégueux
25%
11 550 Lorient Guidel
23%
12 801 Brest Plouzané
21%
11 642 Vannes Saint-Avé
20%
Aucun quiz correspondant
Distribution des résultats
% des personnes avec chaque résultat
Percentile par nombre de réponses
Votre historique - résultats
Vous n’avez pas pris ce quiz